000 00964nam a2200217 a 4500
001 56279
005 20180714051949.0
008 140415s2009 mx 000 0 spa d
020 _a9786074380293
041 _aspa
082 _a519.2
_bSAN
100 1 _aNelson, David L.,.
245 1 0 _aPROBABILIDAD Y ESTADISTICA II
250 _a1a ed.
260 _aMEXICO :
_bGRUPO EDITORIAL PATRIA,
_c2009
300 _a221
_c19 x 0.8 x 25
490 _aPROFESION PROFESOR
520 _aPROBABILIDAD Y ESTADISTICA II PROPORCIONA AL ESTUDIANTE LOS CONOCIMIENTOS PARA EL CALCULO DE PROBABILIDADES Y EL ANALISIS DESCRIPTIVO DE DATOS DE DOS VARIABLES, COMO UN FUNDAMETO PARA COMPRENDER DIVERSOS FENOMENOS QUE SE PRESENTAN EN LA ECONOMIA, ADMINISTRACION, EN LAS CIENCIAS SOCIALES, EXPERIMENTALES Y EN GENERAL EN CUALQUIER ACTIVIDAD HUMANA.
650 1 4 _aESTADISTICA
_xPROBABILIDADES
700 1 _aINZUNSA CAZARES, SANTIAGO -AVILA ANTUNA, ROBERTO
_ecoaut.
999 _c56279
_d56279